Koncepčný návrh prídavného zariadenia MPS - lá-macie kliešte. (Conceptual design of additional working device for mobile working machines ? breaking pliers) [CD-ROM] : Bakalárska práca

Salvato in:
Dettagli Bibliografici
Autore principale: Tokár, Milan, 1985- (Autore)
Altri autori: Slovák, Norbert (xxx)
Natura: Manoscritto Libro
Lingua:slovacco
Pubblicazione: Bratislava : STU v Bratislave SjF, 2007
Soggetti:
Tags: Aggiungi Tag
Nessun Tag, puoi essere il primo ad aggiungerne!!

MARC

LEADER 00000ntm a22000003a 4500
001 stu157846
005 20150617230011.6
008 080212s2007----xo------------------slo-d
040 |a STU  |b slo 
041 0 |a slo 
044 |a xo 
100 1 |a Tokár, Milan,  |d 1985-  |4 aut  |u J130  |9 100  |U SjF Ústav dopravnej techniky a konštruovania  |T SjF Katedra časti strojov  |X 13664  |U J130  |Y 39  |7 A000013664 
245 1 |a Koncepčný návrh prídavného zariadenia MPS - lá-macie kliešte. (Conceptual design of additional working device for mobile working machines ? breaking pliers) [CD-ROM] :  |b Bakalárska práca 
260 |a Bratislava :  |b STU v Bratislave SjF,  |c 2007 
300 |a 88 s 
650 7 |a kliešte  |2 stusub 
650 7 |a drvenie  |2 stusub 
650 7 |a búranie  |2 stusub 
650 7 |a betón  |2 stusub 
650 7 |a prídavné zariadenie  |2 stusub 
650 7 |a hydraulika  |2 stusub 
650 7 |a Pliers  |2 estusub 
650 7 |a crushing  |2 estusub 
650 7 |a demolition  |2 estusub 
650 7 |a concrete  |2 estusub 
650 7 |a additional device  |2 estusub 
650 7 |a hydraulics  |2 estusub 
700 1 |a Slovák, Norbert  |4 xxx 
996 |b 284J032182  |c J*108582  |l JJSK  |s A  |a 24  |w stu157846_0001